000 00926nam a2200241 a 4500
001 BRCA_1107
005 20190320203301.0
008 010503s2001 sp-a---##b---#000-0dspa-#
020 _a8495146665
040 _aDLC
_cDLC
050 4 _aDP178
_b.A38 2001
100 1 _aAguiló Alonso, María Paz
_93566
245 1 0 _aOrden y decoro
_bFelipe II y el amueblamiento del Monasterio de El Escorial
_cMaría Paz Aguiló Alonso.
260 _a[Madrid]
_bSociedad Estatal para la Conmemoración de los Centenarios de Felipe II y Carlos V
_c[2001]
300 _a232 p.
_bil. (algunas a color)
_c24 cm.
504 _aBibliografía: p. 225-232
600 1 4 _aPhilip
_bII
_cRey de España
_d1527-1598
_93652
610 2 4 _aEscorial
_93653
650 1 4 _aMuebles
_xHistoria
_ySiglo XVI
_zEspaña
_93654
650 1 4 _aTalla en madera española
_xHistoria
_ySiglo XVI
_zEspaña
_93655
650 1 4 _aEbanistas
_vBiografía
_zEspaña
_93656
942 _2lcc
_cB
999 _c986
_d986